000 00305nam a2200133Ia 4500
008 100328s9999 xx 000 0 und d
082 _b34649
100 _aKoontz Dean R.
245 _aThe Vision
260 _bThe Poperback Division
630 _aThe Vision
730 _aThe Vision
942 _cBOOK
999 _c524763
_d524760